| 000 | 00434nam a22001697a 4500 | ||
|---|---|---|---|
| 005 | 20251108175723.0 | ||
| 008 | 250721s2016 xx 000 0 eng d | ||
| 082 | 1 | 4 | _aJ/F/MUT |
| 100 | 1 | _aAl-mutawa, Manar | |
| 245 | 1 | 4 | _aThe lake / |
| 264 | 1 |
_aKUWAIT : _bTHAT AL SALASIL, _c2016. |
|
| 300 | _a28ص. | ||
| 650 | 1 | 7 | _afiction |
| 653 | _aاطفال مرحلة متوسطه (6-9)سنوات | ||
| 942 |
_2ddc _cBK |
||
| 999 |
_c140803 _d140803 |
||